000 00986nam a2200265 a 4500
001 000049233
003 DO-SdBNP
005 20230301131349.0
007 ta
008 190731s1981 dr 000 spa d
040 _aDO-SdBNP
_bspa
_cBNPHU
082 4 _a342.06
_bT853e, 1981
_222
100 1 _aTroncoso de la Concha, M. de J.
_914532
_q(Manuel de Jesús)
_d1878-1955.
245 1 0 _aElementos de derecho administrativo :
_bcon aplicación a las leyes de la República Dominicana /
_cM. de J. Troncoso de la Concha
250 _a4a. ed. revisada, actualizada.
260 _aSanto Domingo :
_bONAP,
_c1981.
300 _a427 p. ;
_c22 cm.
490 1 _aEstudiios jurídicos;
_v6
590 _aInventariado, 2019 / DG
650 4 _aDerecho administrativo
_xLegislación
_zRepública Dominicana
_914533
650 4 _aDerecho administrativo
_zRepública Dominicana
_93033
830 0 _aEstudios jurídicos
_n6
_911081
910 _aValidado. Control de calidad. MFF
942 _2ddc
_cLBS1
999 _c48721
_d48721